| 000 | 01015cam a22002531 4500 | ||
|---|---|---|---|
| 001 | sd 45000012 | ||
| 003 | DLC | ||
| 005 | 20260227112735.0 | ||
| 008 | 941003s1944 nyu b f100 0 eng c | ||
| 010 | _asd 45000012 | ||
| 035 | _a(OCoLC)31209560 | ||
| 040 |
_aLibrary, U.S. Dept. of State. Libr. _cIEN _dDLC |
||
| 042 | _apremarc | ||
| 050 | 0 | 0 |
_aD410 _b.F65 vol. 20, no. 12 |
| 110 | 2 | _aForeign Policy Association. | |
| 245 | 1 | 0 | _aBretton Woods monetary conference--plans and achievements. |
| 260 |
_a[New York, _bForeign Policy Association, Incorporated _c[1944] |
||
| 300 |
_a1 p. l., 139-147, [1] p. _c27 cm. |
||
| 490 | 0 |
_aForeign policy reports. _vVol. XX, no. 12. September 1, 1944 |
|
| 500 | _a"Based on a memorandum specially prepared for the Foreign Policy Association." | ||
| 500 | _a"Financial challenge of post-war period, by Grant S. McClellan": p. [148] | ||
| 504 | _aBibliographical foot-notes. | ||
| 611 | 2 | 0 |
_aUnited Nations monetary and financial conference, _d(1944 : _cBretton Woods, N.H.) |
| 999 |
_c89946 _d89946 |
||